01296nam a2200277 4500001000400000003000400004005001700008008004100025020001800066040000800084041000800092082001900100100003900119245014800158260003200306300001500338490003300353520045500386650002600841650001300867650001700880650002700897655001900924700004200943830003300985388OSt20250408135839.0250408b |||||||b |||| 00| 1 eng d a9788526231856 bpor hspa aI 028.5bC737s1 aCompany González, Mercéd1947- aAs sobrinhas da Bruxa Onilda:bE Branca de Neve e os Sete Anões / cCompany González, Mercé ; Tradução de Rita E. Garcia Gonçalves aSão PaulobScipionec1997 a32 p.bil.1 aAs sobrinhas da Bruxa Onilda aAs sobrinhas da Bruxa Onilda são trigêmeas muito sapecas, que adoram entrar nas histórias infantis para viver incríveis aventuras com suas personagens. Sua famosa tia, a Bruxa Onilda, está sempre por perto. As trigêmeas entram no túnel do tempo e continuam a história de Branca de Neve a partir daquele fim que já conhecemos. Sendo assim, ela aparece nessa história transformada em rainha e mãe de três príncipes gêmeos.  0aLiteratura Brasileira 0aInfantil 0aBruxa Onilda 0aDiversidade e Fantasia 0aLivro Infantil a Rita E. Garcia GonçalveseTRADUTOR aAs sobrinhas da Bruxa Onilda